000 00466nam a2200181Ia 4500
008 100920s9999 xx 000 0 und d
082 _b77928
_a17 न 00
100 _aBalke Ellen.
245 _aknow YOURSELF.
260 _bKOGAN PAGE INDIA PRIVATE LTD., New Delhi.
_c2000
300 _a132
_bसाधी
365 _b136
520 _aपी.एस.
630 _aknow YOURSELF.
650 _aपी.एस.
730 _aknow YOURSELF.
942 _cBOOK
999 _c719159
_d719156